| 000 | 00567nam a2200181 i 4500 | ||
|---|---|---|---|
| 001 | 85960 | ||
| 003 | ES-MaACL | ||
| 005 | 20230906175339.0 | ||
| 007 | t| | ||
| 008 | 041203s1923 gw ||||1| ger d | ||
| 100 | 1 |
_aKellermann, Bernhard. _967775 |
|
| 245 | 1 | 3 |
_aLe 9 novembre _b: roman / _cBernhard Kellermann ; traduit de l'allemand par Victor Cyril et Werner Klette. |
| 260 |
_a[S.l. : _bs.n., _c1923] ( _eLagny : _fE. Grevin) |
||
| 300 |
_a284 p. ; _c19 cm. |
||
| 700 | 1 |
_aCyril, Victor. _942322 |
|
| 700 | 1 |
_aKlette, Werner. _968252 |
|
| 852 |
_aES-MaACL _jF-2354 |
||
| 999 |
_c85960 _d85960 |
||